| 000 | 01026cam a2200193 4500 | ||
|---|---|---|---|
| 001 | WB3710-32 | ||
| 008 | 000000n2001 000 0 eng u | ||
| 035 | _a(Sirsi) u111328 | ||
| 245 | _aReform for competition needed in professions | ||
| 260 | _c2001 | ||
| 490 |
_aOFT Press Release _v(10/01) 7 March 2001, (4) |
||
| 520 | _aDescribes the Office of Fair Trading's (OFT) recommendations that the professions should be fully subject to competition law. A new report by the OFT, and consultants LECG, suggests that unjustified restrictions on competition should be removed, and competition law applied more robustly to the professions wherever possible. To obtain a copy of "Competition in the Professions", which focuses on architects, accountants and lawyers, visit: 'www.oft.gov.uk'. Alternatively write to: OFT, PO Box 366, Hayes UB3 1XB. | ||
| 590 | _aWB | ||
| 650 | _aOFT | ||
| 650 | _aPROFESSIONS | ||
| 650 | _aCOMPETITION LAW | ||
| 690 | _aMANAGEMENT-BUSINESS MANAGEMENT-PROFESSIONAL PRACTICE | ||
| 942 | _n0 | ||
| 999 |
_c66341 _d66341 |
||